LIBRARY & INFORMATION CENTRE, KCAET, TAVANUR

ONLINE PUBLIC ACCESS CATALOGUE (OPAC)

Freedom for the masses / (Record no. 1706)

MARC details
000 -LEADER
fixed length control field 00405cam a2200157ua 4500
041 ## - LANGUAGE CODE
Language code of text/sound track or separate title eng
082 ## - DEWEY DECIMAL CLASSIFICATION NUMBER
Classification number 307.14
Item number MAN/FR
100 ## - MAIN ENTRY--AUTHOR NAME
Personal name Manmohan, Choudhari .
245 ## - TITLE STATEMENT
Title Freedom for the masses /
250 ## - EDITION STATEMENT
Edition statement 1 /
260 ## - PUBLICATION, DISTRIBUTION, ETC. (IMPRINT)
Place of publication New Delhi :
Name of publisher Central Gandhi Smarak Nidhi ,
Year of publication 1966.
300 ## - PHYSICAL DESCRIPTION
Number of Pages 76 ; .
942 ## - ADDED ENTRY ELEMENTS (KOHA)
Koha item type Books
Holdings
Withdrawn status Lost status Damaged status Home library Current library Date acquired Full call number Accession Number Koha item type
      KAUAET KAUAET 07/04/2012 307.14 12068 Books
free website counter